Pie y pierna: sus afecciones y su tratamiento
Сохранить в:
| Главный автор: | |
|---|---|
| Формат: | |
| Язык: | испанский |
| Опубликовано: |
Barcelona
Labor
1949
|
| Предметы: | |
| Метки: |
Добавить метку
Нет меток, Требуется 1-ая метка записи!
|
MARC
| LEADER | 00000nam a2200000 a 4500 | ||
|---|---|---|---|
| 001 | UCG2867 | ||
| 003 | CL-VaPUC | ||
| 008 | 100729e19490000SP |||||||||||||||||spa|d | ||
| 082 | 0 | 4 | |a 617.58 |b HOH |2 21 |
| 100 | 0 | |a Hohmann, Georg |e author |9 551523 | |
| 245 | 1 | 0 | |a Pie y pierna: sus afecciones y su tratamiento |
| 300 | |a 555 p | ||
| 942 | |c BK | ||
| 945 | |d 20100729 00:00:00 |a mfarfan | ||
| 260 | |a Barcelona |b Labor |c 1949 | ||
| 650 | 7 | |a PIERNAS |2 CL-VaPUC |9 384841 | |
| 650 | 7 | |a PIES |2 CL-VaPUC |9 520741 | |
| 650 | 7 | |a TRATAMIENTO |2 CL-VaPUC |9 393927 | |
| 583 | |a last modification |c 20100729 00:00:00 |k Rodrigo Vera | ||
| 999 | |c 341982 |d 341980 | ||
| 952 | |0 0 |1 0 |4 0 |6 617_580000000000000_HOH_1949 |7 0 |8 A |9 437888 |a BIBCUR |b BIBCUR |d 2019-11-22 |i 4698169 |o 617.58 HOH 1949 |p 4698169 |r 2025-04-22 |w 2019-11-22 |y BK |k KIN | ||